| 000 | 00947nas a2200313 4500 | ||
|---|---|---|---|
| 001 | BR2011005809 | ||
| 003 | BR-BrBNA | ||
| 005 | 20231205115630.0 | ||
| 007 | ta | ||
| 008 | 230509b bl.|||p| |||| 00| 00por d | ||
| 040 |
_aBR-BrBNA _bpor _cBiblioteca Nacional de Agricultura |
||
| 041 | _a(Pt) | ||
| 072 | _aQ02; Q03 | ||
| 100 | 1 | _aNavacchi, M.F.P. | |
| 100 | 1 | _aGodoi, H. da S. | |
| 100 | 1 | _aDanesi, E.D.G. | |
| 245 | 1 | _aCaracterização de resíduos sólidos de fecularias para potencial incorporação em alimentos | |
| 650 | _aMANDIOCA | ||
| 650 | _aFÉCULA | ||
| 650 | _aRESÍDUO | ||
| 650 | _aPROCESSAMENTO | ||
| 650 | _aSECAGEM | ||
| 650 | _aANÁLISE MICROBIOLÓGICA | ||
| 650 | _aINDÚSTRIA ALIMENTÍCIA | ||
| 650 | _aFIBRA VEGETAL | ||
| 773 | 0 |
_tHigiene Alimentar (Brazil) _xISSN 0101-9171 _g(Mar-Apr 2011), v. 25(194-195) p. 70-73 _wBR2011005809 |
|
| 909 |
_a202311 _bLúcia _c55 _dLúcia Elande |
||
| 942 |
_2AGRIS _n0 _cANA |
||
| 999 |
_c214914 _d214914 |
||